000 00463nam a2200193Ia 4500
005 20240823022722.0
008 240823s9999||||xx |||||||||||||| ||und||
020 _a81-7809-208-5
041 _aENGLISH
082 _A158.4 P3
100 _a"Maxwell,John C"
245 0 _aAttitude 101 What Every Leader Needs to Know
250 _a1st
260 _c2003
_b"Magna,M"
_aMumbai
500 _aYES
650 _aGeneral
_bGeneral
942 _cBK
999 _c179837
_d179837